Commentarii De Bellis C. Iuilii Caesaris. Pars I., C. Iulii Caesaris Commentariorum de bello Gallico librum I. II. III. IV. continens /

Hlavní autor: Caesar, Gaius Iulius, 100 př. Kr.-44 př. Kr.
Další autoři: Schneider, Karl Ernst Christoph, 1786-1856
Jazyk: Latina
Vydáno: Halis : e Libraria Orphanotrophei, 1840
Témata:
Externí odkaz: Titulní list
Fyzický popis: [2], LII, 429 s. ; 8°
Knihy
Uloženo v:
LEADER 02238nam a2200541 a 4500
001 mzk03001201469
003 CZ BrMZK
005 20140624095439.0
007 ta
008 140624s1840 gw f |||| 0 lat d
040 |a BOA001  |b cze 
043 |a e------  |a ff-----  |a aw-----  |a e------ 
072 7 |a 821.124  |x Latinská literatura, latinsky psaná  |2 Konspekt  |9 25 
072 7 |a 094.5  |x Tisky (19. století)  |2 Konspekt  |9 12 
080 |a 821.124’01  |2 MRF 
080 |a 94(37)"-0058/-0051"  |2 MRF 
080 |a 94(37)  |2 MRF 
080 |a 94(364)  |2 MRF 
080 |a 025.171  |2 MRF 
080 |a (0.072)  |2 MRF 
100 1 |a Caesar, Gaius Iulius,  |d 100 př. Kr.-44 př. Kr.  |7 jn19981000434  |4 aut 
245 1 0 |a Commentarii De Bellis C. Iuilii Caesaris.  |n Pars I.,  |p C. Iulii Caesaris Commentariorum de bello Gallico librum I. II. III. IV. continens /  |c Recensuit et illustravit Car. Ern. Christ. Schneider Litt. Ant. Prof. Vratisl. 
246 3 0 |a C. Iulii Caesaris Commentariorum de bello Gallico librum I. II. III. IV. continens 
246 3 0 |a Commentariorum de bello Gallico librum I. II. III. IV. continens 
246 3 |a De Bellis C. Iuilii Caesaris 
260 |a Halis :  |b e Libraria Orphanotrophei,  |c 1840 
300 |a [2], LII, 429 s. ;  |c 8° 
500 |a Titulní strana tištěna majuskulou 
510 3 |a DNB 
561 |a Provenience: [razítko] B.D 
563 |a Polousňová vazba se zlaceným hřbetem, žlutá ořízka 
650 7 |a latinská starověká literatura  |7 ph115100  |2 czenas 
650 7 |a galské války (58-51 př. Kr.)  |7 ph779419  |2 czenas 
650 7 |a historické knihovní fondy  |7 ph172933  |2 czenas 
655 7 |a komentovaná vydání  |7 fd132577  |2 czenas 
651 1 |a starověký Řím  |x dějiny  |7 ge131512 
651 1 |a Galie  |x dějiny  |7 ge129178 
700 1 |a Schneider, Karl Ernst Christoph,  |d 1786-1856  |4 edt 
856 4 1 |u https://imageserver.mzk.cz/mzk03/001/201/469/328100211990.titul.jp2  |y Titulní list 
910 |e BOE950  |c R - V. II. c. 52 
978 |b Waisenhaus - dílna  |a Halle  |c 1840 
981 0 |a B. D. 
984 |a Halle  |b Německo 
985 |a 1801-1850 
990 |a BK 
996 |e BOE950  |c R - V. II. c. 52 
980 |c 211990  |g R - V. II. c. 52  |1 328100211990  |p BNr. 20100 
991 |k rajhrad